La cuarta plaga / (Record no. 133916)

MARC details
000 -LEADER
campo de control de longitud fija 00519nam a2200193 i 4500
001 - NÚMERO DE CONTROL
campo de control 133916
003 - IDENTIFICADOR DE NÚMERO DE CONTROL
campo de control ES-MaACL
005 - FECHA Y HORA DE LA ÚLTIMA TRANSACCIÓN
campo de control 20230906194547.0
007 - CAMPO FIJO DE DESCRIPCIÓN FÍSICA--INFORMACIÓN GENERAL
campo de control de longitud fija t|
008 - DATOS DE LONGITUD FIJA--INFORMACIÓN GENERAL
campo de control de longitud fija 070903q19401949sp ||||1| spa d
100 1# - ENTRADA PRINCIPAL--NOMBRE DE PERSONA
Nombre de persona Wallace, Edgar.
9 (RLIN) 115946
245 13 - MENCIÓN DEL TÍTULO
Título La cuarta plaga /
Mención de responsabilidad, etc. por Edgar Wallace.
260 ## - PUBLICACIÓN, DISTRIBUCIÓN, ETC.
Lugar de publicación, distribución, etc. Madrid :
Nombre del editor, distribuidor, etc. Aguilar,
Fecha de publicación, distribución, etc. [194-?]
300 ## - DESCRIPCIÓN FÍSICA
Extensión 278 p. ;
Dimensiones 15 cm.
490 1# - MENCIÓN DE SERIE
Mención de serie El elefante blanco
830 0# - PUNTO DE ACCESO ADICIONAL DE SERIE-TÍTULO UNIFORME
Título uniforme El elefante blanco
9 (RLIN) 182490
852 ## - LOCALIZACIÓN
Ubicación ES-MaACL
Número de control de estantería D-5760
Sublocalización o colección R.26682
Holdings
Estatus retirado Estado de pérdida Estado de daño No para préstamo Biblioteca de origen Biblioteca actual Ubicación en estantería Fecha de adquisición Fuente de adquisición Total de préstamos Signatura topográfica completa Código de barras Visto por última vez Precio de reemplazo Tipo de ítem Koha
        Biblioteca del Ateneo de Madrid Biblioteca del Ateneo de Madrid Sala Valle Inclán 17/01/2008     D-5760 901139399 23/02/2023 23/02/2023 Libro impreso